005850000a220008500045001000019000002450049000193000053000685200333001217730045004541 aMoraes, Camila10aEl Derecho Internacional, según Jack Bauer aVol.0, núm.25 (Octubre, 2007), Páginas 26-27 aDespués de seis años de éxito, la radical serie norteamericana 24 llega a su séptima temporada y se convierte, además, en ejemplo para una clase universitaria. ¿Cuál es el secreto del éxito de una serie que no ha escatimado en promover la traición y la tortura para defender los derechos de los Estados Unidos?0 tArcadia / Andrés Felipe Solano, Editor